00499nam a22001577a 450000500170000001000150001702000260003203500140005803700130007208200100008510000190009524500960011426000400021027000710025030000200032120190717111512.0 aENG-125962 a9789386767483c599.00 aEN-109494 bDBAD/PUB a230.3 aAnnie Ali Khan aSita under the crescent moon :cby Annie Ali Khanba woman's search for faith in Pakistan / aNew DelhibSimon and Schusterc2019 a818, Indraprakash Building , 21 Barakhamba RoadbNew Delhie110001 a312p.c23cm(Hb)